• 首页
  • 本馆介绍
  • 公告通知
  • 最新文献
  • 馆藏检索
  • 电子资源
  • 读者导购
  • 参考咨询
  • 我的图书馆
  • 登录
  • 详细信息显示
  • 放入我的书架
  • 预约/预借图书
  • 作者相关作品
  • 分类相关作品
  • 丛书相关作品
  • 出版社相关作品

书目信息

  • 表格格式
  • 工作单格式
  • 卡片格式
题名:
1985-1987散文选
    
 
作者: 姜德明 , 季涤尘 选编
分册:  
出版信息: 北京   人民文学出版社  1989.4
页数: 568页
开本: 20厘米
丛书名:
单 册:
中图分类: I267
科图分类: 44.618
主题词: 散文--中国 , 散文--作品综合集--中国
电子资源:
ISBN: 7-02-000655-8
000 00899nam0 2200289 45
001 0189020380
005 20040409094402.2
010    @a7-02-000655-8@dCNY6.35
020    @aCN@b89020380
100    @a19910905d1989 m y0chiy0120 ea
101 0  @achi
102    @aCN@b110000
105    @ay z 000cy
106    @ar
200 10 @a1985-1987散文选@A1985-1987 san wen xuan@f姜德明,季涤尘选编@Fjiang de ming , ji di chen xuan bian
210    @a北京@c人民文学出版社@d1989.4
215    @a568页@d20厘米
330    @a本书选入的118篇题材、体裁和风格不同的散文作品,构成了关于当代生活和往昔时光的一系列画面和音响。
540 1  @a散文@Asan wen
606 0  @a散文@x中国
606 0  @a散文@x作品综合集@x中国
690    @aI267
692    @a44.618@v1974
701  0 @a姜德明@Ajiang de ming@4选编
701  0 @a季涤尘@Aji di chen@4选编
801  0 @aCN@bNLC@c19910905
905    @f2@b257495-496@dI267@e494
    
    1985-1987散文选/姜德明,季涤尘选编.-北京:人民文学出版社,1989.4
    568页;20厘米
    
    
    ISBN 7-02-000655-8:CNY6.35
    本书选入的118篇题材、体裁和风格不同的散文作品,构成了关于当代生活和往昔时光的一系列画面和音响。
●
相关链接 在E读中查询图书 在五车中查询图书 在当当中查询图书 在豆瓣中查询图书


正题名:1985-1987散文选     索取号:I267/494         预约/预借

序号 登录号 条形码 馆藏地/架位号 状态 备注
1 0257494   000031708   第一样本阅览室/ [索取号:I267/494] 在馆    
2 0257495   000031655   第二借阅区/ [索取号:I267/494] 在馆    
3 0257496   000031717   密集书库/ [索取号:I267/494] 在馆    
唐山师范学院图书馆 欢迎您!
大连网信软件有限公司© 版权所有